000 00917nam a2200253 i 4500
003 DO-SdBNP
005 20250530103848.0
007 ta
008 250530t2012 dr o 000 0 spa d
040 _aDO-SdBNP
_bspa
_cBNPHU
_erda
082 _a633.71
_bI611m
_222
110 1 _aInstituto del Tabaco de la República Dominicana (INTABACO)
_987920
245 1 0 _aMemoria de los 50 años del Instituto del Tabaco de la República Dominicana /
_cpresentación, Lorenzo Fernández Espinal
264 _aSanto Domingo :
_bINTABACO,
_c2012.
300 _a107 páginas
_bfotografías
_c28 cm.
336 _atexto
_btxt
_2rdacontent
337 _asin mediación
_bn
_2rdamedia
338 _avolumen
_bnc
_2rdacarrier
500 _aPublicación Aniversario 1962 - 2012.
590 _aInventariado, 2025/ YL
700 _aFernández Espinal, Lorenzo
_epresentación
_4pres..
_972793
910 _aYLockward
942 _2ddc
_cLBS1
999 _c59104
_d59104